[Event "San Jose 1000 GM Labor Day op"]
[Site "San Jose"]
[Date "2024.09.03"]
[Round "8"]
[White "Zuluaga Mancilla, Cesar"]
[Black "Bhatta, Rohit"]
[Result "1-0"]
[WhiteElo "2166"]
[BlackElo "2025"]
[PlyCount "67"]
[EventDate "2024.08.30"]
[EventType "swiss"]
[EventRounds "9"]
[EventCountry "USA"]
[SourceTitle "EXT 2025"]
[Source "ChessBase"]
[SourceDate "2024.10.14"]
[SourceVersion "1"]
[SourceVersionDate "2024.10.14"]
[SourceQuality "1"]

1. d4 Nf6 2. Nf3 d5 3. Bf4 c5 4. e3 Nc6 5. c3 Qb6 6. Qb3 c4 7. Qc2 Bf5 8. Qc1 h6 9. Nbd2 e6 10. Be2 Be7 11. Ne5 Nxe5 12. Bxe5 0-0 13. 0-0 Bd6 14. Bxf6 gxf6 15. e4 Bg6 16. exd5 exd5 17. Bf3 Qc6 18. Re1 Bd3 19. Nf1 Bxf1 20. Kxf1 Kg7 21. Qc2 Rfd8 22. Qf5 Bf8 23. Qg4+ Kh8 24. Qh5 Qd7 25. Re3 a5 26. Bg4 Qc7 27. Rae1 b5 28. Bf5 Ra7 29. Re8 Kg7 30. Qg4+ Kh8 31. Qh4 Kg7 32. R8e3 Bd6 33. Qg4+ Kf8 34. Bh7 1-0

[Event "Las Vegas 1000 GM IM-C"]
[Site "Las Vegas"]
[Date "2024.06.01"]
[Round "3"]
[White "Bhatta, Rohit"]
[Black "Guo, Ethan"]
[Result "1/2-1/2"]
[WhiteElo "1977"]
[BlackElo "2148"]
[PlyCount "60"]
[EventDate "2024.05.31"]
[EventType "tourn"]
[EventRounds "9"]
[EventCountry "USA"]
[SourceTitle "CBM 220 Extra"]
[Source "ChessBase"]
[SourceDate "2024.07.31"]
[SourceVersion "1"]
[SourceVersionDate "2024.07.31"]
[SourceQuality "1"]

1. d4 Nf6 2. c4 g6 3. g3 Bg7 4. Bg2 d5 5. cxd5 Nxd5 6. Nf3 Nb6 7. Nc3 Nc6 8. e3 0-0 9. 0-0 a5 10. b3 e5 11. Nxe5 Nxe5 12. dxe5 Bxe5 13. Bb2 c6 14. Na4 Bxb2 15. Nxb2 a4 16. Qe2 axb3 17. axb3 Rxa1 18. Rxa1 Be6 19. Nc4 Nxc4 20. bxc4 Qb6 21. Qc2 Qc5 22. Qb2 Qxc4 23. Qxb7 c5 24. Qb2 Qb4 25. Qe5 c4 26. h4 h5 27. Be4 Qb8 28. Qf6 Qd8 29. Qe5 Qb8 30. Qf6 Qd8 1/2-1/2

[Event "Santa Clara 1000 GM Schev5 03"]
[Site "Santa Clara"]
[Date "2024.03.10"]
[Round "4.4"]
[White "Bhatta, Rohit"]
[Black "Garcia Lopez, Miguel Angel"]
[Result "1/2-1/2"]
[WhiteElo "1952"]
[BlackElo "2262"]
[PlyCount "54"]
[EventDate "2024.03.09"]
[EventType "schev"]
[EventRounds "5"]
[EventCountry "USA"]
[SourceTitle "CBM 219 Extra"]
[Source "ChessBase"]
[SourceDate "2024.05.31"]
[SourceVersion "1"]
[SourceVersionDate "2024.05.31"]
[SourceQuality "1"]

1. d4 d5 2. c4 dxc4 3. e3 Nc6 4. Bxc4 e5 5. d5 Na5 6. Qa4+ c6 7. dxc6 Nxc6 8. Nf3 Bd6 9. 0-0 Nf6 10. Nc3 0-0 11. h3 h6 12. e4 Qe7 13. Be3 Bd7 14. Qc2 Rac8 15. Qe2 Rfe8 16. Rfd1 a6 17. a3 b5 18. Nd5 Nxd5 19. Bxd5 Nd8 20. Qd2 Rf8 21. Bxh6 gxh6 22. Qxh6 Ne6 23. Bxe6 fxe6 24. Qg6+ Kh8 25. Qh6+ Kg8 26. Qg6+ Kh8 27. Qh6+ Kg8 1/2-1/2

[Event "Sunnyvale Summer op"]
[Site "Sunnyvale"]
[Date "2023.07.01"]
[Round "1"]
[White "Aadit, Bhatia"]
[Black "Bhatta, Rohit"]
[Result "1/2-1/2"]
[WhiteElo "2065"]
[BlackElo "1731"]
[PlyCount "81"]
[EventDate "2023.07.01"]
[EventType "swiss"]
[EventRounds "7"]
[EventCountry "USA"]
[SourceTitle "EXT 2024"]
[Source "ChessBase"]
[SourceDate "2023.10.10"]
[SourceVersion "1"]
[SourceVersionDate "2023.10.10"]
[SourceQuality "1"]

1. d4 Nf6 2. c4 e6 3. Nf3 d5 4. g3 dxc4 5. Bg2 c5 6. 0-0 Nc6 7. dxc5 Qxd1 8. Rxd1 Bxc5 9. Nbd2 c3 10. bxc3 0-0 11. Nb3 Be7 12. Nfd4 Nxd4 13. cxd4 Nd5 14. Bd2 f5 15. Na5 b6 16. Nc6 Bf6 17. Nb4 Bb7 18. e3 Rfc8 19. a4 Rab8 20. Rdc1 Rxc1+ 21. Rxc1 Nxb4 22. Bxb4 Rc8 23. Rxc8+ Bxc8 24. Bc6 Kf7 25. Bd6 Bd8 26. f3 g6 27. Kf2 Kf6 28. e4 Kf7 29. Ke3 Kf6 30. e5+ Kf7 31. d5 exd5 32. Kd4 a6 33. Bxd5+ Be6 34. Bc6 b5 35. axb5 axb5 36. Bxb5 Bb6+ 37. Bc5 Ba5 38. Ba3 Bb6+ 39. Bc5 Ba5 40. Kd3 Bc8 41. Bd4 1/2-1/2